000 00567nam a2200205Ii 4500
003 JO-AjNU
008 230606s9999||||xx |||||||||||||| ||und||
020 _a81-259-1540-0
040 _aJO-AjNU
_beng
_erda
_cJO-AjNU
041 _aeng
050 1 4 _aQA155.S56.2010
100 3 _aSingh,Surjeet,
_eauthor
_9722
245 0 0 _a Modern Algebra g. 
264 3 1 _aVIKAS Publishing house,2010
300 _a572p
336 _atext
_btxt
_2rdacontent
337 _aunmediated
_bn
_2rdamedia
338 _avolume
_bnc
_2rdacarrier
650 4 _a Algebra -- Textbooks. 
_9723
999 _aE380
_c380
_d380